| 000 | 00911cab a2200265 4500 | ||
|---|---|---|---|
| 001 | ABS56416 | ||
| 008 | 090401t1996 xxu||||| |||| 00| 0 eng d | ||
| 035 | _a(Sirsi) u23444 | ||
| 041 | _aeng | ||
| 100 | _aWard, J. | ||
| 245 | _aWedded to marriage value | ||
| 260 | _c1996 | ||
| 350 | _a0 | ||
| 490 |
_aProperty Week _v57(12) 20 December 1996, 19(1) |
||
| 520 | _aLooks at the rise in farm rents since 1994 as shown by the Savills Farm Rent Survey. Discusses the most striking features of the rise, including Farm Business Tenancies rent premiums, and the effect on Full Agricultural tenancy rents of the decision in "Childers v Anker". | ||
| 650 | _aCHILDERS V ANKER | ||
| 650 | _aFARM BUSINESS TENANCIES | ||
| 650 | _aFARM RENTS | ||
| 650 | _aFULL AGRICULTURAL TENANCIES | ||
| 650 | _aMARRIAGE VALUES | ||
| 650 | _aSURVEY | ||
| 690 | _aRURAL PRACTICE | ||
| 942 | _n0 | ||
| 948 | _c04/03/1997 | ||
| 999 |
_c15669 _d15669 |
||